| 000 | 00987nac a22003017a 4500 | ||
|---|---|---|---|
| 001 | BR5500117 | ||
| 003 | BR-BrBNA | ||
| 005 | 20240105112915.0 | ||
| 008 | 230509b bl.|||m| |||| 00| 0 por d | ||
| 040 |
_aBR-BrBNA _bpor _cBiblioteca Nacional de Agricultura |
||
| 072 | _aF10; F40 | ||
| 090 | _a0120 BR5500117 | ||
| 100 | 1 | _aMota, F.S. da | |
| 100 | 1 | _aRosinha, R.C. | |
| 110 | 1 |
_aInstituto Agronomico do Sul, Pelotas, RS (Brasil) _95634 |
|
| 245 | 1 | _aOcorrencia de seca no periodo critico do milho no Rio Grande do Sul [Zea mays; Ecologia vegetal; Balanco hidrico; Brasil] | |
| 260 | 3 |
_aPelotas, RS (Brasil): _c1955. |
|
| 300 | _a33 p. | ||
| 490 |
_aBoletim Tecnico - Instituto Agronomico do Sul (Brazil) _vno. 12 _x |
||
| 500 | _aSummaries (En, Pt); 27 ref.; 13 illus. | ||
| 650 | _aMILHO | ||
| 650 | _aSECA | ||
| 650 | _aACLIMATACAO | ||
| 650 | _aPLANTIO | ||
| 650 | _aRIO GRANDE DO SUL | ||
| 909 |
_a202312 _bLúcia Elande _c55 _dLúcia Elande |
||
| 942 |
_2AGRIS _n0 _cMS |
||
| 999 |
_c260874 _d260874 |
||